00890cam a2200253 a 450000100060000000300080000600500170001400800390003102000380007003500140010804000230012204100080014508200260015310000260017924500770020526000310028230000340031350400200034765000390036765000400040665000280044685600880047485600740056215447BD-RjUL20211208235822.0140210s1992 nyua 001 0 eng a0471574023 (cloth : alk. paper) : a(BD-RjUL) aDLCcDLCdDLCbeng aeng00a658.155220bCHN 19921 aChorafas, Dimitris N.14aThe new technology of financial management /c[by] Dimitris N. Chorafas. aNew York :bWiley,cc1992. axiv, 290 p. :bill. ;c24 cm. aIncludes index. 0aForeign exchangexData processing. 0aOptions (Finance)xData processing. 0aInformation technology.423Publisher descriptionuhttp://www.loc.gov/catdir/description/wiley031/92001023.html4 3Table of Contentsuhttp://www.loc.gov/catdir/toc/onix01/92001023.html